Est, Nord, Ouest ou Sud ? - Statistiques

Statistiques générales
  • Ce quiz a été pris 94 fois
  • Le résultat moyen est 27 sur 40
Statistiques - réponses
Hint Réponse % Correct
Forme conjuguée du verbe être Est
94%
Être complètement dépassé ; ne plus savoir où l'on en est : être à l. ________ Ouest
91%
Celle qui a pour capitale Séoul : la Corée d. _______ Sud
88%
Là où "se couche" le soleil Ouest
87%
Jeu en forme de grille défini en 1979 par l’Américain Howard Garns, mais inspiré du carré latin : _______oku Sud
87%
Là où "se lève" le soleil Est
86%
Service de réseau privé virtuel créé en 2012 : ________VPN Nord
86%
Quotidien régional français, édité à Rennes et fondé le 7 août 1944 : ________ France Ouest
85%
Site web américain mélangeant les concepts de réseautage social et de partage de photographies et d'images, lancé en 2010 par Paul Sciarra : Pinter________ Est
84%
Film de Sergio Leone, sorti en 1968 : Il était une fois dans l. _________ Ouest
84%
Film français de Cédric Jimenez sorti en 2020 : BAC ________ Nord
80%
Peut désigner les pays du tiers monde : les pays d . ________ Sud
80%
Ensemble des régimes communistes instaurés après la Seconde Guerre mondiale dans les pays d’Europe : Bloc d. ______ Est
77%
Chanson écrite, composée, interprétée et coproduite par Nino Ferrer, sortie en 45 tours le 25 février 1975 : . . _________ Sud
77%
N'est pas une Conjonction de coordination mais est présent dans les phrases mnémotechniques permettant de se souvenir de cette liste Est
74%
Troisième album studio du rappeur français Booba, sorti le 13 février 2006 : ________ side Ouest
74%
Station de radio privée généraliste d'information générale, sociale et politique, économique, sportive et de débat, à vocation nationale créé le 18 septembre 1958 : __________ Radio Sud
74%
Série télévisée américaine en 104 épisodes de cinquante minutes entre 1965 et 1969 : Les Mystères d. __________ Ouest
73%
En ancien français, avait pour équivalent le terme de midi Sud
73%
Feuilleton télévisé américain en 344 épisodes de 45 minutes de 1979 à 1993 : Côte _________ Ouest
71%
Salle de concert, de sport et d’événements dans l'agglomération de Montpellier : _________ de France Arena Sud
71%
112, rue de Maubeuge, 75010 Paris se trouve la gare d . ________ Nord
67%
Footballeur international français évoluant notamment au PSG : _______i Mukiele Nord
66%
Quotidien régional français fondé le 5 mai 1889 par Léon Goulette à Nancy : l. _______ républicain Est
64%
Système de deux gazoducs reliant la Russie à l'Allemagne en empruntant la mer Baltique : _______ Stream Nord
64%
A pour l'une de ses 5 sous-préfectures Avesnes-sur-Helpe Nord
63%
Syndicat français membre de l'Union syndicale Solidaires, fondée en 1995 : ________ Rail Sud
63%
Désigne un des Clubs de Football professionnel français en abrégé : _______ac Est
59%
Besançon est au/à. . ________de Dijon Est
58%
Entre 1949 et 1990, Bonn a été la capitale de l'Allemagne d . . _______ Ouest
58%
Battu par les 3 autres au scrabble français Est
55%
Boulogne-Billancourt, Chaville, Issy-les-Moulineaux, Marnes-la-Coquette, Meudon, Sèvres, Vanves et Ville-d'Avray font partie de la banlieue _______ de Paris Ouest
55%
Etat auto-proclamé, reconnu uniquement par la Turquie : Chypre d . _______ Nord
53%
Désigne le pays qui a pour capitale (de jure) Khartoum selon la liste des codes pays du CIO Sud
53%
Chanson d'Enrico Macias de 1968 : Les gens d . _______ Nord
51%
Donne 4 points au scrabble français Sud
43%
90° azimut Est
26%
Complète les paroles de l Été Indien de Joe Dassin : "C'était l'automne, un automne où il faisait beau. Une saison qui n'existe que dans l . ________ de l'Amérique Nord
24%
Ville de Basse-Saxe (Allemagne) de 55 619 habitants en 2023 : ________horn Nord
24%
Appelé aussi le ponant Ouest
23%
Aucun quiz correspondant
Distribution des résultats
% des personnes avec chaque résultat
Percentile par nombre de réponses
Votre historique - résultats
Vous n’avez pas pris ce quiz